Movies Quiz

Random Movies or Clickable Quiz

Jim Carrey Characters Quiz Stats

 Plays Quiz Updated Sep 9, 2013

Support Sporcle.
Go Orange.
Score 0/23 Timer 05:00
0 Plays Today
% Correct
Lloyd Christmas (Dumb & Dumber)
91.1%
Truman Burbank (The Truman Show)
90.3%
Grinch (How the Grinch Stole Christmas)
88.2%
Fletcher Reede (Liar Liar)
87.7%
Ebenezer Scrooge (A Christmas Carol)
86.3%
Stanley Ipkiss (The Mask)
84.6%
Walter Sparrow (The Number 23)
83.1%
Bruce Nolan (Bruce Almighty)
82.2%
Ace Ventura (Ace Ventura: Pet Detective)
82%
Mark Kendall (Once Bitten)
76.9%
Count Olaf (Lemony Snicket's A Series of Unfortunate Events)
75.6%
Wiploc (Earth Girls Are Easy)
73.3%
% Correct
Chip Douglas (The Cable Guy)
70.7%
Horton (Horton Hears a Who!)
69.1%
Andy Kaufman (Man on the Moon)
68.7%
Charlie Baileygates & Hank Evans (Me, Myself & Irene)
68.2%
Joel Barish (Eternal Sunshine of the Spotless Mind)
67.3%
Edward Nigma a.k.a. The Riddler (Batman Forever)
65.7%
Dick Harper (Fun With Dick and Jane)
65.2%
Carl Allen (Yes Man)
65.1%
Tom Popper (Mr. Popper's Penguins)
48.9%
Peter Appleton (The Majestic)
46.5%
Steven Russell (I Love You Phillip Morris)
42.5%

You're not logged in!

Compare scores with friends on all Sporcle quizzes.
OR
Log In

From the Vault

United States of Pop 2014

by rockgolf

Surprisingly, Taylor Swift is only here once.
Remove Ads.
Support Sporcle.
Get the best of Sporcle when you Go Orange. This ad-free experience offers more features, more stats, and more fun while also helping to support Sporcle. Thank you for becoming a member.

Show Comments

Extras

Top Quizzes Today


Score Distribution

Your Account Isn't Verified!

In order to create a playlist on Sporcle, you need to verify the email address you used during registration. Go to your Sporcle Settings to finish the process.

Report this User

Report this user for behavior that violates our Community Guidelines.

Details: